000 00301nam a22001337a 4500
008 170831b xxu||||| |||| 00| 0 eng d
020 _a9780077428167
041 _aeng
080 _a070
100 _a40
101 _aMED
245 _aTHE ART OF PUBLIC SPEAKING
_cLUCAS.S
942 _2udc
_cBK
999 _c25689
_d25689